00225nam a2200097Ia 4500008004100000041000800041082001200049100001500061245002600076260002500102231212s1967 xx 000 0 und d aeng a621.388 aGupta M.L. aElectronics and Radio aDelhibAffilatc1967